| 000 | 010960000a22002170004500 | ||
|---|---|---|---|
| 020 | _a0-88344-026-1 | ||
| 082 | 0 | 4 | _aG 261.808 B17b |
| 100 | 1 | _aBarreiro, Alvaro | |
| 245 | 1 | 0 | _aBasic ecclesial communities : The evangelization of the poor / Alvaro Barreiro ; Translated by Barbara Campbell |
| 260 | _aMaryknoll, New York : Orbis Books | ||
| 300 | _axiv, 82 páginas | ||
| 500 | _aTítulo original en portugués: Comunidades eclesiais de base e evangelizaçâo dos pobres | ||
| 501 | _aRústico | ||
| 505 | 0 | 0 | _aEl concilio Vaticano II, la evangelización de los pobres y comunidades eclesiásticas de base (CEB) - Las CEB, comunidades de los pobres - Los pobres en el Antiguo Testamento - El evangelio proclamado a los pobres y a las CEB - Cómo el evangelio del reino proclamado por Jesús está cumplida en las CEB - Las CEB: De oyentes a los predicadores del evangelio |
| 650 | 1 | 4 | _aComunidades religiosas \ Eclesiología - Evangelio |
| 001 | 19215 | ||
| 942 | _cBK | ||
| 999 |
_c45586 _d45586 |
||
| 336 |
_atexto _btxt _2rdacontent |
||
| 337 |
_2rdamedia _asin mediación _bn |
||
| 338 |
_2rdacarrier _avolumen _bnc |
||